| 000 | 01001nam a2200277 a 4500 | ||
|---|---|---|---|
| 001 | 69753 | ||
| 003 | BD-RjUL | ||
| 005 | 20211209081925.0 | ||
| 008 | 170413s1967 gw b 001 0 eng d | ||
| 035 | _a(BD-RjUL)69965 | ||
| 040 |
_aDLC _cDLC _dBD-RjUL _beng |
||
| 041 | _aeng | ||
| 082 |
_a510 _223 _bHAS 1967 |
||
| 100 | 1 |
_aHahn, Wolfgang, _d1911- _9206614 |
|
| 245 | 1 | 0 |
_aStability of motion / _cWolfgang Hahn translated by Arne P. Baartz. |
| 260 |
_aBerlin ; _aNew York : _bSpringer-Verlag, _c1967. |
||
| 300 |
_aix, 446 p. : _bill. ; _c25 cm. |
||
| 490 | 1 |
_aDie Grundlehren der mathematischen Wissenschaften in Einzeldarstellungen, _vBd. 138 |
|
| 490 | 0 | _aGDB*** | |
| 504 | _aIncludes bibliography and index | ||
| 650 | 0 |
_aMathematics _9155910 |
|
| 650 | 0 |
_aStability _9155910 |
|
| 700 |
_aBaartz, Arne P. _9206615 |
||
| 830 | 0 |
_aGrundlehren der mathematischen Wissenschaften in Einzeldarstellungen mit besonderer Berücksichtigung der Anwendungsgebiete ; _vBd. 138. _9151001 |
|
| 942 |
_2ddc _cBK |
||
| 999 |
_c69753 _d69753 |
||